000 00786nam a2200253Ia 4500
003 OSt
005 20220928125837.0
006 a|||||r|||| 00| 0
007 ta
008 220927b |||||||| |||| 00| 0 eng d
020 _c3359.4000000000001
024 _a124588
037 _b261, 02/09/2014, Bookwell Publications
_cReports / Technical Reports
040 _aSDCL
_cSDCL
_beng
041 _2eng
_aeng
082 _aX:54n1,P13, Q3 RR
100 _aUNCTAD
245 0 _aTrade and development report, 2013
260 _aUnioted
_bNations New York
_c2013
300 _axviii;149p.
_ccm.
650 _aReference
942 _hX:54n1,P13, Q3 RR
_cREP
_2CC
999 _c784403
_d784403